[Event "8th Sunway Sitges 2021"]
[Site "Sitges ESP"]
[Date "2021.12.19"]
[Round "6.61"]
[White "Pantzar, Milton"]
[Black "Benmesbah, Natacha"]
[Result "1/2-1/2"]
[WhiteTitle "IM"]
[BlackTitle "WIM"]
[WhiteElo "2420"]
[BlackElo "2221"]
[WhiteFideId "1721003"]
[BlackFideId "642002"]
[EventDate "2021.12.13"]

1. d4 d6 2. Nf3 Nf6 3. c4 g6 4. Nc3 Bf5 5. g3 Ne4 6. Qb3 Nxc3 7. Qxc3 Bg7 8. Be3
c5 9. Qa3 O-O 10. Bg2 Na6 11. O-O Nb4 12. Rac1 Nc2 13. Qc3 Nxe3 14. Qxe3 Qb6 15.
dxc5 Qxc5 16. Qxc5 dxc5 17. Nh4 Bg4 18. b3 Rad8 19. Bf3 h5 20. Bxg4 hxg4 21.
Rfd1 e6 22. h3 g5 23. Ng2 gxh3 24. Ne3 f5 25. g4 Bd4 26. Kh2 f4 27. Nf1 Bxf2 28.
Kxh3 Kg7 29. Rxd8 Rxd8 30. Kg2 Bd4 31. Rb1 Kg6 32. Nd2 Rd6 33. Ne4 Ra6 34. a4
Rb6 35. Kf1 Be3 36. Ke1 Rc6 37. Rd1 Bd4 38. Kd2 Rc7 39. Rh1 Rd7 40. Kc2 b6 41.
Rh5 Bf6 42. a5 bxa5 43. Nxc5 Rc7 44. Ne4 a4 45. c5 a3 46. Kb1 a5 47. Ka2 Be7 48.
Rh1 Rxc5 49. Nxc5 Bxc5 50. Rh8 Kg7 51. Rb8 1/2-1/2

[Event "8th Sunway Sitges 2021"]
[Site "Sitges ESP"]
[Date "2021.12.19"]
[Round "6.62"]
[White "Cori T., Deysi"]
[Black "Zhukenov, Aituar"]
[Result "1-0"]
[WhiteTitle "WGM"]
[WhiteElo "2413"]
[BlackElo "2209"]
[WhiteFideId "3801934"]
[BlackFideId "13719513"]
[EventDate "2021.12.13"]

1. d4 Nf6 2. Nf3 g6 3. g3 Bg7 4. Bg2 O-O 5. O-O d6 6. b3 c5 7. e3 Nc6 8. Bb2 Bf5
9. a3 cxd4 10. exd4 d5 11. h3 Rc8 12. Nh4 Be6 13. Kh2 Ne8 14. Ra2 Na5 15. f4 Nd6
16. Nc3 Nc6 17. Nxd5 Bxd5 18. Bxd5 Nb5 19. c4 Nbxd4 20. f5 e6 21. fxe6 fxe6 22.
Rxf8+ Qxf8 23. Bxc6 Nxc6 24. Bxg7 Qxg7 25. Qd6 Qe7 26. Qxe7 Nxe7 27. Re2 Rc6 28.
Nf3 Ra6 29. a4 Rb6 30. Nd4 Nf5 31. c5 Rb4 32. Nxe6 Rxb3 33. g4 Ng7 34. Nd8 Kf8
35. Re4 Ne8 36. Ne6+ Kg8 37. Rf4 1-0

[Event "8th Sunway Sitges 2021"]
[Site "Sitges ESP"]
[Date "2021.12.19"]
[Round "6.63"]
[White "Sukandar, Irine Kharisma"]
[Black "Carbonell Sancho, Marc"]
[Result "1-0"]
[WhiteTitle "IM"]
[BlackTitle "FM"]
[WhiteElo "2407"]
[BlackElo "2207"]
[WhiteFideId "7101937"]
[BlackFideId "32029969"]
[EventDate "2021.12.13"]

1. e4 e6 2. d4 d5 3. Bd3 dxe4 4. Bxe4 Nf6 5. Bf3 c5 6. Ne2 Nc6 7. c3 Be7 8. O-O
O-O 9. Be3 cxd4 10. Nxd4 Ne5 11. Be2 Nd5 12. Bc1 Qc7 13. Qb3 Bc5 14. Nb5 Qe7 15.
c4 Nf6 16. Qg3 Ng6 17. Be3 a6 18. Bxc5 Qxc5 19. N5c3 Rd8 20. Na4 Qa5 21. Nbc3
Bd7 22. b3 b5 23. Nc5 Bc6 24. a3 b4 25. axb4 Qxb4 26. Nxa6 Qxb3 27. Rfb1 Qc2 28.
Nb4 Qd2 29. Rxa8 Rxa8 30. Nxc6 Nf4 31. Bf1 1-0

[Event "8th Sunway Sitges 2021"]
[Site "Sitges ESP"]
[Date "2021.12.19"]
[Round "6.64"]
[White "Sorensen, Hampus"]
[Black "Minko, Dmitry"]
[Result "1-0"]
[WhiteTitle "IM"]
[BlackTitle "CM"]
[WhiteElo "2379"]
[BlackElo "2207"]
[WhiteFideId "8703884"]
[BlackFideId "24188468"]
[EventDate "2021.12.13"]

1. e4 e5 2. Nf3 Nc6 3. Bc4 Bc5 4. b4 Bb6 5. a4 a6 6. c3 Nf6 7. d3 O-O 8. Bg5 d6
9. Nbd2 Be6 10. O-O Ne7 11. Qb3 Qd7 12. d4 exd4 13. Bxf6 gxf6 14. cxd4 Ng6 15.
Qc3 Bxc4 16. Nxc4 Ba7 17. Rfe1 c6 18. Ne3 d5 19. exd5 cxd5 20. g3 Rfe8 21. Qd3
Re4 22. b5 Rae8 23. bxa6 bxa6 24. Qxa6 Bxd4 25. Nxd4 Rxd4 26. Qxf6 Rde4 27. Red1
R4e5 28. a5 Ra8 29. Qf3 Ne7 30. Ng4 Rf5 31. Nh6+ 1-0

[Event "8th Sunway Sitges 2021"]
[Site "Sitges ESP"]
[Date "2021.12.19"]
[Round "6.65"]
[White "Laddha, Shubh Jayesh"]
[Black "Heinemann, Josefine"]
[Result "0-1"]
[BlackTitle "WGM"]
[WhiteElo "2171"]
[BlackElo "2369"]
[WhiteFideId "30942799"]
[BlackFideId "12900460"]
[EventDate "2021.12.13"]

1. e4 c5 2. Nf3 d6 3. d4 cxd4 4. Nxd4 Nf6 5. Nc3 a6 6. h3 e5 7. Nde2 h5 8. Bg5
Be6 9. Bxf6 Qxf6 10. Nd5 Qd8 11. Qd3 Nd7 12. O-O-O g6 13. Kb1 Nc5 14. Qf3 Bg7
15. Nec3 b5 16. Ne3 Rc8 17. h4 Bh6 18. Ncd5 Kf8 19. Be2 Kg7 20. g3 Nd7 21. Qg2
Nb6 22. g4 Bxe3 23. Nxe3 hxg4 24. Bxg4 Bxg4 25. Qxg4 Nc4 26. Nf5+ Kh7 27. Ng3
Qc7 28. Rc1 Qc5 29. h5 Qb4 30. hxg6+ Kg7 31. Rh7+ Rxh7 32. gxh7+ Kf6 33. Qh4+
Ke6 34. Qg4+ Kf6 35. h8=Q+ Rxh8 36. Qf3+ Ke7 37. Qc3 Qxc3 38. bxc3 Rh2 39. f3
Rf2 40. Nf5+ Kd7 41. Rd1 Rxf3 42. a4 bxa4 43. Rd3 Rf1+ 44. Ka2 Rc1 45. Ne3 Nxe3
46. Rxe3 Rxc2+ 47. Ka3 Ke6 48. Kxa4 d5 49. exd5+ Kxd5 50. Rf3 e4 51. Rf1 Rxc3 0-1

[Event "8th Sunway Sitges 2021"]
[Site "Sitges ESP"]
[Date "2021.12.19"]
[Round "6.66"]
[White "Zadruzny, Nicolaj"]
[Black "Ojas, Kulkarni"]
[Result "1/2-1/2"]
[WhiteTitle "FM"]
[WhiteElo "2348"]
[BlackElo "2206"]
[WhiteFideId "1709550"]
[BlackFideId "25040073"]
[EventDate "2021.12.13"]

1. d4 c5 2. d5 g6 3. c4 Nf6 4. Nc3 d6 5. e4 Bg7 6. Nf3 O-O 7. Be2 e6 8. O-O exd5
9. cxd5 a6 10. a4 Bg4 11. Nd2 Bxe2 12. Qxe2 Nbd7 13. Nc4 Nb6 14. Nxb6 Qxb6 15.
a5 Qc7 16. Bd2 Rfe8 17. Ra4 Nd7 18. f4 f5 19. Kh1 b5 20. axb6 Nxb6 21. Rxa6 Rxa6
22. Qxa6 fxe4 23. Nb5 Qb8 24. Bc3 Nxd5 25. Bxg7 Kxg7 26. Nxd6 Re6 27. Nf5+ Kf6
28. Qc4 gxf5 29. Qxd5 e3 30. Qxc5 e2 31. Qd4+ Kg6 32. Re1 Re4 33. Qc3 Qxf4 1/2-1/2

[Event "8th Sunway Sitges 2021"]
[Site "Sitges ESP"]
[Date "2021.12.19"]
[Round "6.67"]
[White "Pogorelov, Ruslan"]
[Black "De Santis, Alessio"]
[Result "1/2-1/2"]
[WhiteTitle "GM"]
[BlackTitle "FM"]
[WhiteElo "2345"]
[BlackElo "2186"]
[WhiteFideId "14100363"]
[BlackFideId "803405"]
[EventDate "2021.12.13"]

1. Nf3 d6 2. d4 Nf6 3. c4 Bg4 4. Nc3 Nbd7 5. e4 c5 6. Be2 Bxf3 7. Bxf3 cxd4 8.
Qxd4 g6 9. Be2 Bg7 10. Be3 O-O 11. Qd2 Ne5 12. f3 Qc8 13. b3 Rd8 14. Rc1 b6 15.
O-O Nc6 16. Kh1 Qb7 17. f4 Rac8 18. Bf3 Qd7 19. Qe2 e5 20. f5 Nd4 21. Qd3 gxf5
22. exf5 Nxf3 23. gxf3 h6 24. Rg1 Kh8 25. Rcd1 Rg8 26. Bf2 Nh5 27. Nd5 Nf4 28.
Nxf4 exf4 29. Qxd6 Qxf5 30. Qd7 Qh5 31. Qg4 Qxg4 32. Rxg4 Rgd8 33. Rgg1 Rxd1 34.
Rxd1 Re8 35. Rd2 Bc3 36. Rc2 Bf6 37. b4 Rc8 38. c5 bxc5 39. Rxc5 Rd8 40. Ra5
Rd1+ 41. Kg2 Rd2 42. Kf1 Bc3 43. Bxa7 Bxb4 44. Ra4 Bc3 45. Bb8 Rxh2 46. Bxf4 Rh5
47. Rc4 Ba5 48. Kg2 Rb5 49. a4 Rb6 50. Be3 Rg6+ 51. Kf2 Kh7 52. f4 Bb6 53. Rc3
Bxe3+ 54. Rxe3 Ra6 55. Ra3 Ra5 56. Kg3 Kg6 57. Kg4 h5+ 58. Kf3 Kf5 59. Kg3 h4+
60. Kxh4 1/2-1/2

[Event "8th Sunway Sitges 2021"]
[Site "Sitges ESP"]
[Date "2021.12.19"]
[Round "6.68"]
[White "Domingo Nunez, Alejandro"]
[Black "Jafarli, Babak"]
[Result "1/2-1/2"]
[WhiteTitle "FM"]
[WhiteElo "2340"]
[BlackElo "2175"]
[WhiteFideId "22245561"]
[BlackFideId "13406019"]
[EventDate "2021.12.13"]

1. e4 c5 2. Nf3 Nc6 3. d4 cxd4 4. Nxd4 g6 5. Nc3 Bg7 6. Be3 Nf6 7. Bc4 O-O 8.
Bb3 d6 9. f3 Qa5 10. Qd2 Nxd4 11. Bxd4 Be6 12. O-O-O b5 13. Kb1 Rfc8 14. Rhe1
Bxb3 15. cxb3 b4 16. Nd5 Nxd5 17. exd5 Qxd5 18. Bxg7 Qf5+ 19. Qd3 Qxd3+ 20. Rxd3
Kxg7 21. Rxe7 Rc6 22. Re4 a5 23. Rc4 Rac8 24. Rxc6 Rxc6 25. Rd5 Ra6 26. Kc2 Kf6
27. a3 Ke6 28. Rb5 bxa3 29. bxa3 Ra7 30. Kd3 Kd7 31. Kd4 Kc6 32. a4 Ra8 33. h4
h6 34. h5 gxh5 35. Rxh5 Rg8 36. g4 Rb8 37. Kc3 Re8 38. Rf5 Re3+ 39. Kc4 d5+ 40.
Kd4 Rxb3 41. Rf6+ Kd7 42. Kxd5 Ke7 43. Rf5 Rb4 44. Re5+ Kf6 45. Re4 Rxe4 46.
Kxe4 Kg5 47. Ke5 h5 48. gxh5 Kxh5 49. Kf6 Kh4 50. Kxf7 Kg3 51. Ke6 Kxf3 52. Kf5
Kg3 53. Ke5 Kg4 1/2-1/2

[Event "8th Sunway Sitges 2021"]
[Site "Sitges ESP"]
[Date "2021.12.19"]
[Round "6.69"]
[White "Goormachtigh, Johan"]
[Black "Manish Anto, Cristiano F"]
[Result "0-1"]
[WhiteTitle "FM"]
[BlackTitle "IM"]
[WhiteElo "2140"]
[BlackElo "2336"]
[WhiteFideId "200280"]
[BlackFideId "25095927"]
[EventDate "2021.12.13"]

1. d4 Nf6 2. c4 e6 3. Nc3 Bb4 4. e3 O-O 5. Nf3 d5 6. Bd2 b6 7. cxd5 exd5 8. Rc1
a6 9. Bd3 Bb7 10. O-O Bd6 11. Ne5 c5 12. f4 Nc6 13. Be1 cxd4 14. Nxc6 Bxc6 15.
exd4 Bb7 16. Qf3 Re8 17. Bh4 Be7 18. f5 Ne4 19. Bxe7 Qxe7 20. Bxe4 dxe4 21. Qe3
Rad8 22. Ne2 Rc8 23. f6 gxf6 24. Nf4 Rxc1 25. Rxc1 Kh8 26. Qg3 e3 27. d5 Qe5 28.
b3 Bxd5 29. Nxd5 Qxd5 30. Qf4 Qg5 31. g3 Qxf4 32. gxf4 Kg7 33. Kf1 Kg6 34. Ke2
Kf5 35. Rc7 Kxf4 36. Rxf7 f5 37. Rxh7 Rg8 38. Re7 0-1

[Event "8th Sunway Sitges 2021"]
[Site "Sitges ESP"]
[Date "2021.12.19"]
[Round "6.70"]
[White "Cadilhac, Igor Tokuichi Kikuchi"]
[Black "Knudsen, Simon"]
[Result "1/2-1/2"]
[WhiteTitle "FM"]
[WhiteElo "2325"]
[BlackElo "2171"]
[WhiteFideId "2132150"]
[BlackFideId "12985546"]
[EventDate "2021.12.13"]

1. e4 g6 2. d4 Bg7 3. Nc3 d6 4. f4 Nf6 5. Nf3 O-O 6. Bd3 Nc6 7. d5 Nb4 8. Be2 c6
9. a3 Na6 10. dxc6 bxc6 11. Be3 Qc7 12. Bc4 d5 13. exd5 cxd5 14. Bb3 e6 15. Qd2
Nc5 16. Nb5 Nxb3 17. Nxc7 Nxd2 18. Nxa8 Nxf3+ 19. gxf3 Bb7 20. Nc7 a6 21. f5 Rc8
22. Bb6 Nd7 23. Ba5 Be5 24. fxe6 fxe6 25. Nxe6 Re8 26. Nd8 Bc7+ 27. Kf2 Bxd8 28.
Bxd8 Rxd8 29. Rad1 Rc8 30. c3 Kf7 31. Rd4 Ne5 32. Re1 Kf6 33. Rf4+ Kg5 34. Kg3
Nd3 35. Rg4+ Kf6 36. Re3 h5 37. Rd4 Nxb2 38. Rf4+ Kg5 39. Re7 Bc6 40. Rh7 h4+
41. Rhxh4 Nd3 42. Rf7 Be8 43. Rf8 Bd7 44. f4+ Nxf4 45. Rhxf4 Rxc3+ 46. Rf3 Rc4
47. R8f4 Rc5 48. Rf6 a5 49. h4+ Kh6 50. Rd6 Ba4 51. Rd3 Bc2 52. R6xd5 Rc4 53.
Re3 a4 54. Rb5 Bb3 55. Rb4 Rc1 56. Rb7 Rg1+ 57. Kf2 Ra1 58. Re8 Kh5 59. Kg3 Rg1+
60. Kf2 Ra1 61. Kg3 Rg1+ 62. Kf2 Ra1 1/2-1/2

[Event "8th Sunway Sitges 2021"]
[Site "Sitges ESP"]
[Date "2021.12.19"]
[Round "6.71"]
[White "Chitlange, Sakshi"]
[Black "Mullick, Raahil"]
[Result "1-0"]
[WhiteTitle "WIM"]
[BlackTitle "IM"]
[WhiteElo "2132"]
[BlackElo "2323"]
[WhiteFideId "35002899"]
[BlackFideId "35080350"]
[EventDate "2021.12.13"]

1. d4 d5 2. c4 c6 3. cxd5 cxd5 4. Bf4 Nf6 5. e3 Nc6 6. Nc3 a6 7. Be2 e6 8. Nf3
Be7 9. Ne5 O-O 10. O-O Bd7 11. Rc1 b5 12. Nxc6 Bxc6 13. Na4 Rc8 14. Nc5 Qa5 15.
a3 Ne4 16. Qd3 Nxc5 17. dxc5 Bf6 18. b4 Qd8 19. Bd6 Re8 20. Bf3 a5 21. a4 Qd7
22. Be2 axb4 23. axb5 Ba8 24. f4 Bc3 25. Bd1 f5 26. Be2 Red8 27. Be5 d4 28. c6
Qa7 29. Qc4 Rd5 30. Bxd4 Bxd4 31. exd4 Qa3 32. Qd3 Qxd3 33. Bxd3 Rxd4 34. Be2
Rd2 35. Bf3 b3 36. Rb1 Rd3 37. Rfc1 Kf7 38. b6 Rxf3 39. gxf3 Bxc6 40. Rxb3 1-0

[Event "8th Sunway Sitges 2021"]
[Site "Sitges ESP"]
[Date "2021.12.19"]
[Round "6.72"]
[White "Kapitanchuk, Tomas"]
[Black "Betaneli, Alexander"]
[Result "1/2-1/2"]
[WhiteTitle "FM"]
[BlackTitle "FM"]
[WhiteElo "2323"]
[BlackElo "2163"]
[WhiteFideId "135046"]
[BlackFideId "2012359"]
[EventDate "2021.12.13"]

1. e4 e5 2. Nf3 Nc6 3. Bc4 Bc5 4. c3 Nf6 5. d3 O-O 6. O-O d5 7. exd5 Nxd5 8. Re1
Bg4 9. h3 Bh5 10. Nbd2 Nb6 11. Bb3 Qxd3 12. Nxe5 Qf5 13. Nef3 Rad8 14. Qe2 Qd7
15. Ne4 Be7 16. Bf4 Bg6 17. Rad1 Qc8 18. Rxd8 Rxd8 19. Neg5 Nd5 20. Bc1 h6 21.
Nh4 Bxg5 22. Bxg5 hxg5 23. Nxg6 fxg6 24. Rd1 Qf5 25. Qd2 Ne7 26. c4 c6 27. cxd5
Nxd5 28. Qa5 b6 29. Qxa7 Kh7 30. Bxd5 Rxd5 31. Rxd5 cxd5 32. Qxb6 Qe4 33. Qb3
Qe1+ 34. Kh2 d4 35. Qd3 Qxf2 36. b4 Qf4+ 37. Kg1 Qc1+ 38. Kf2 Qb2+ 39. Kf3 Qxb4
40. a3 Qd6 41. Ke2 Qd5 42. Kf1 Qa2 43. Qxd4 Qxa3 44. Qg4 Qc1+ 45. Ke2 Qc2+ 46.
Ke3 Kh6 47. Kd4 Qf5 48. Ke3 Kh7 49. Kd4 Kh6 50. Ke3 1/2-1/2

[Event "8th Sunway Sitges 2021"]
[Site "Sitges ESP"]
[Date "2021.12.19"]
[Round "6.73"]
[White "Heredia Serrano, Carla"]
[Black "Samant, Aditya S"]
[Result "0-1"]
[WhiteTitle "WGM"]
[BlackTitle "FM"]
[WhiteElo "2121"]
[BlackElo "2318"]
[WhiteFideId "3603687"]
[BlackFideId "35080580"]
[EventDate "2021.12.13"]

1. e4 c5 2. Nf3 d6 3. Bb5+ Bd7 4. Bxd7+ Qxd7 5. O-O Nf6 6. e5 dxe5 7. Nxe5 Qc8
8. Qf3 e6 9. b3 Be7 10. Bb2 O-O 11. Nc3 Nfd7 12. Ng4 Nc6 13. Ne2 f5 14. Ne3 Bf6
15. Bxf6 Nxf6 16. Rad1 Qd7 17. a4 Rad8 18. Qf4 g6 19. Nc4 e5 20. Nxe5 Nxe5 21.
Qxe5 Rde8 22. Qxc5 Rxe2 23. Qxa7 Rfe8 24. c4 Ne4 25. Rfe1 Nxf2 26. Rxe2 Rxe2 27.
Rf1 Nd3 28. a5 Qc6 29. Qb8+ Kg7 30. Qg3 Qc5+ 0-1

[Event "8th Sunway Sitges 2021"]
[Site "Sitges ESP"]
[Date "2021.12.20"]
[Round "7.1"]
[White "Kollars, Dmitrij"]
[Black "Abdusattorov, Nodirbek"]
[Result "1/2-1/2"]
[WhiteTitle "GM"]
[BlackTitle "GM"]
[WhiteElo "2622"]
[BlackElo "2633"]
[WhiteFideId "12909572"]
[BlackFideId "14204118"]
[EventDate "2021.12.13"]

1. e4 e5 2. Nf3 Nc6 3. Bb5 a6 4. Ba4 Nf6 5. O-O Be7 6. Re1 b5 7. Bb3 d6 8. c3
Na5 9. Bc2 c5 10. d4 cxd4 11. cxd4 Bg4 12. dxe5 Bxf3 13. Qxf3 dxe5 14. Nc3 O-O
15. Rd1 Qc7 16. Bb3 Nxb3 17. axb3 b4 18. Ne2 Rfd8 19. Ng3 Qc2 20. Bg5 h6 21.
Rdc1 Qd3 22. Be3 Bf8 23. Rc6 Rd6 24. Rxd6 Qxd6 25. h3 Qe6 26. Qd1 g6 27. Qd3 a5
28. Nf1 Qc6 29. Nd2 Kg7 30. g4 Be7 31. Kg2 Rd8 32. Qc4 Qd7 33. Rxa5 Nxg4 34.
hxg4 Qxg4+ 35. Kh2 Bg5 36. Rd5 Qh4+ 37. Kg2 Qg4+ 38. Kh2 Qh4+ 39. Kg2 Qg4+ 1/2-1/2

[Event "8th Sunway Sitges 2021"]
[Site "Sitges ESP"]
[Date "2021.12.20"]
[Round "7.2"]
[White "Rios, Cristhian Camilo"]
[Black "Cheparinov, Ivan"]
[Result "0-1"]
[WhiteTitle "GM"]
[BlackTitle "GM"]
[WhiteElo "2460"]
[BlackElo "2664"]
[WhiteFideId "4403940"]
[BlackFideId "2905540"]
[EventDate "2021.12.13"]

1. d4 Nf6 2. c4 g6 3. Nc3 d5 4. cxd5 Nxd5 5. e4 Nxc3 6. bxc3 Bg7 7. Nf3 c5 8.
Be3 Bg4 9. Qa4+ Nd7 10. Ne5 cxd4 11. cxd4 Bxe5 12. dxe5 O-O 13. h3 Be6 14. f4
Rc8 15. Be2 Nc5 16. Qxa7 Nd3+ 17. Kf1 Rc2 18. Rd1 Bc4 19. Bxd3 Bxd3+ 20. Kg1
Bxe4 21. Rxd8 Rxg2+ 22. Kf1 Rxd8 23. Qa4 Rb2 24. Bc1 Bc6 25. Bxb2 Bxa4 26. Rh2
Rd3 27. h4 e6 28. h5 gxh5 29. Ke1 Rf3 30. Rf2 Rg3 31. Rh2 Rf3 32. Rf2 Rg3 33.
Rh2 Rg4 34. f5 h4 35. Ba3 Rg3 36. Bd6 h3 37. Kf2 Rc3 38. fxe6 fxe6 39. Kg1 Rc1+
40. Kf2 Rc3 41. Kg1 Bc2 42. Rf2 Bf5 43. Kh2 Kf7 44. Rd2 b5 45. a3 h5 46. Bb4 Re3
47. Bd6 Kg6 48. Rb2 h4 49. Rf2 Kh5 50. Be7 Kg4 51. Bd6 Re1 0-1

[Event "8th Sunway Sitges 2021"]
[Site "Sitges ESP"]
[Date "2021.12.20"]
[Round "7.3"]
[White "Niemann, Hans Moke"]
[Black "Puranik, Abhimanyu"]
[Result "0-1"]
[WhiteTitle "GM"]
[BlackTitle "GM"]
[WhiteElo "2645"]
[BlackElo "2604"]
[WhiteFideId "2093596"]
[BlackFideId "5061245"]
[EventDate "2021.12.13"]

1. d4 Nf6 2. c4 g6 3. f3 c5 4. d5 d6 5. e4 e6 6. Ne2 exd5 7. cxd5 Bg7 8. Nec3 a6
9. a4 Nh5 10. Qe2 Bd4 11. Kd1 O-O 12. g4 Ng7 13. Na3 f5 14. gxf5 gxf5 15. Qg2
Nd7 16. Bg5 Qc7 17. Nc4 Ne5 18. Nxe5 Bxe5 19. h4 Qf7 20. Be2 Kh8 21. h5 Ne8 22.
f4 Bd4 23. h6 Nf6 24. e5 dxe5 25. fxe5 Bxe5 26. Bf3 Rg8 27. Qd2 Ne4 28. Bxe4
fxe4 29. Kc2 b5 30. Raf1 Bf5 31. Kc1 Qd7 32. Bf4 Bf6 33. Be3 b4 34. Nd1 Rg6 35.
Rf2 Bg4 36. Bxc5 Rc8 37. Qxb4 Qxd5 38. Rc2 Bxd1 0-1

[Event "8th Sunway Sitges 2021"]
[Site "Sitges ESP"]
[Date "2021.12.20"]
[Round "7.4"]
[White "Sethuraman, S.P."]
[Black "Safarli, Eltaj"]
[Result "1/2-1/2"]
[WhiteTitle "GM"]
[BlackTitle "GM"]
[WhiteElo "2613"]
[BlackElo "2579"]
[WhiteFideId "5021596"]
[BlackFideId "13402129"]
[EventDate "2021.12.13"]

1. e4 e5 2. Nf3 Nf6 3. Nxe5 d6 4. Nf3 Nxe4 5. Nc3 Nxc3 6. dxc3 Be7 7. Bf4 Nc6 8.
Qd2 Be6 9. Ng5 Bxg5 10. Bxg5 Qd7 11. O-O-O f6 12. Be3 O-O-O 13. b3 h5 14. h3 a6
15. Kb2 Rde8 16. Be2 Bf5 17. Rhe1 Qf7 18. c4 Be4 19. Bf1 h4 20. Qc3 Qh5 21. f3
Bh7 22. Bf2 Re5 23. a3 Rhe8 24. Rd5 g5 25. Rdxe5 Rxe5 26. c5 d5 27. Rxe5 fxe5
28. Qd2 d4 29. Bd3 Bxd3 30. Qxd3 Qf7 31. Be1 Nd8 32. Qe4 Qf4 33. Qxf4 exf4 34.
b4 b5 35. cxb6 cxb6 36. Bf2 Nc6 37. c3 b5 38. Kc2 Kd7 39. Kd3 dxc3 40. Kxc3 Ke6
41. Bd4 1/2-1/2

[Event "8th Sunway Sitges 2021"]
[Site "Sitges ESP"]
[Date "2021.12.20"]
[Round "7.5"]
[White "Korobov, Anton"]
[Black "Di Berardino, Diego Rafael"]
[Result "1-0"]
[WhiteTitle "GM"]
[BlackTitle "IM"]
[WhiteElo "2699"]
[BlackElo "2480"]
[WhiteFideId "14105730"]
[BlackFideId "2105446"]
[EventDate "2021.12.13"]

1. e4 e5 2. Nf3 Nc6 3. Bb5 a6 4. Ba4 Nf6 5. O-O Be7 6. Re1 b5 7. Bb3 d6 8. c3
O-O 9. h3 Bb7 10. d4 Re8 11. Nbd2 Bf8 12. a4 h6 13. Bc2 Nb8 14. Bd3 c6 15. b4
Nbd7 16. Nb3 Rc8 17. Bd2 d5 18. Na5 Qb6 19. dxe5 Nxe4 20. Be3 Qc7 21. Bd4 c5 22.
bxc5 bxa4 23. Nxb7 Qxb7 24. c4 Nexc5 25. Rb1 Qa8 26. Bxc5 Rxc5 27. Bf5 Rd8 28.
e6 fxe6 29. Bxe6+ Kh8 30. Nh4 Nf6 31. Ng6+ Kh7 32. Qd3 1-0

[Event "8th Sunway Sitges 2021"]
[Site "Sitges ESP"]
[Date "2021.12.20"]
[Round "7.6"]
[White "Nihal, Sarin"]
[Black "Kacharava, Nikolozi"]
[Result "1/2-1/2"]
[WhiteTitle "GM"]
[BlackTitle "IM"]
[WhiteElo "2662"]
[BlackElo "2469"]
[WhiteFideId "25092340"]
[BlackFideId "13611860"]
[EventDate "2021.12.13"]

1. d4 d5 2. Nf3 Nf6 3. c3 c5 4. dxc5 e6 5. Be3 a5 6. c4 Na6 7. cxd5 Nxd5 8. Bd4
Nxc5 9. e3 Nf6 10. Nc3 Be7 11. Qc2 O-O 12. Rd1 Bd7 13. Ne5 Qc7 14. Nb5 Nd3+ 15.
Bxd3 Qxc2 16. Bxc2 Bxb5 17. Bd3 Bxd3 18. Nxd3 Nd7 19. Ke2 Rfc8 20. Rc1 Bf6 21.
Bxf6 Nxf6 22. Rxc8+ Rxc8 23. Rc1 Rxc1 24. Nxc1 Ne4 25. Nb3 b6 26. Nd2 Nxd2 27.
Kxd2 Kf8 28. Kd3 Ke7 29. Kc4 Kd6 30. Kb5 Kc7 31. e4 e5 32. g4 h6 33. h4 Kb7 34.
g5 h5 35. a3 Kc7 36. Ka6 a4 37. Kb5 g6 38. Kxa4 f6 39. gxf6 Kd7 40. Kb4 g5 41.
hxg5 Ke6 42. f4 h4 43. fxe5 Kf7 44. Kc4 h3 45. Kd5 h2 46. e6+ Ke8 47. g6 h1=Q
48. g7 Qd1+ 49. Ke5 Qh5+ 50. Kf4 Qh4+ 51. Kf5 Qh3+ 52. Ke5 Qg3+ 53. Kf5 Kd8 54.
e5 Qh3+ 55. Kg6 Qxe6 56. Kh7 Qf5+ 57. Kh8 Qh5+ 58. Kg8 Qe8+ 59. Kh7 Qh5+ 60. Kg8
Qxe5 61. f7 Qe6 62. Kh8 Qh6+ 63. Kg8 Qe6 64. Kh8 1/2-1/2

[Event "8th Sunway Sitges 2021"]
[Site "Sitges ESP"]
[Date "2021.12.20"]
[Round "7.7"]
[White "Nestorovic, Nikola"]
[Black "Erigaisi, Arjun"]
[Result "0-1"]
[WhiteTitle "GM"]
[BlackTitle "GM"]
[WhiteElo "2467"]
[BlackElo "2629"]
[WhiteFideId "934526"]
[BlackFideId "35009192"]
[EventDate "2021.12.13"]

1. e4 c5 2. Nc3 Nc6 3. Bb5 Nd4 4. Nf3 g6 5. Bc4 Bg7 6. Nxd4 cxd4 7. Qf3 Nh6 8.
d3 O-O 9. Ne2 Ng4 10. Bb3 d6 11. h3 Ne5 12. Qg3 a5 13. a4 Qb6 14. f4 Nd7 15. f5
Nc5 16. Bc4 Nxe4 17. Qf3 Qb4+ 18. Kd1 gxf5 19. g4 Nf6 20. gxf5 Qc5 21. Rf1 Kh8
22. Ng3 Bd7 23. Nh5 Nxh5 24. Qxh5 Rac8 25. Bg5 f6 26. Bd2 e5 27. b4 axb4 28. Rb1
Bxa4 29. Rg1 b5 30. Rg4 bxc4 31. Rh4 Bh6 32. Bxh6 Qc7 33. Bxf8 cxd3 34. Rc1
Bxc2+ 35. Ke1 d2+ 36. Kxd2 Qc3+ 37. Ke2 Qe3+ 38. Kf1 Qxc1+ 39. Kg2 Qg5+ 0-1

[Event "8th Sunway Sitges 2021"]
[Site "Sitges ESP"]
[Date "2021.12.20"]
[Round "7.8"]
[White "Aditya, Mittal"]
[Black "Vocaturo, Daniele"]
[Result "0-1"]
[WhiteTitle "IM"]
[BlackTitle "GM"]
[WhiteElo "2459"]
[BlackElo "2621"]
[WhiteFideId "35042025"]
[BlackFideId "813192"]
[EventDate "2021.12.13"]

1. d4 Nf6 2. c4 e6 3. Nf3 d5 4. Nc3 dxc4 5. e4 Bb4 6. Bxc4 Nxe4 7. O-O Nf6 8.
Qa4+ Nc6 9. Ne5 a5 10. Nxc6 bxc6 11. Qxc6+ Bd7 12. Qf3 O-O 13. Bf4 Rb8 14. Be5
a4 15. Qg3 Bd6 16. b3 axb3 17. axb3 Bc6 18. Ra6 Bxe5 19. dxe5 Ne4 20. Qe3 Nxc3
21. Rxc6 Qd7 22. Ra6 Nb5 23. Qc5 Nd4 24. b4 Rfd8 25. Kh1 Qc8 26. Ra7 Rd7 27. h3
Qf8 28. Rd1 Rxb4 29. Rxc7 Qxc5 30. Rxc5 g5 31. Rc8+ Kg7 32. g4 Rbb7 33. Rd3 h6
34. Kh2 Ra7 35. Kh1 Ra5 36. Kg2 Rxe5 37. Ra3 Re4 38. Raa8 Rf4 39. Rh8 Nf3 40.
Rag8+ Kf6 41. Rxh6+ Ke7 42. Be2 Nd4 43. Bf1 Rb7 44. Rxg5 Rb2 45. Kg3 Rfxf2 46.
Bc4 Rf3+ 47. Kh4 Rh2 48. Rgh5 f6 49. Bf1 Rxf1 50. Kg3 Rff2 51. Ra5 Nf5+ 0-1